000 00829nam a22001937a 4500
999 _c62399
_d62399
003 Ge_BSU
005 20241022170112.0
008 241022s1960 ge ||||| |||| 00| 0 geo d
041 _ageo
080 _a611(075.8) ნ-19
100 _aნათიშვილი, ა
_923488
245 _aადამიანის ნორმალური ანატომია :
_b ნაწ. 3 /
_c ა. ნათიშვილი, რედ.მ. ტატიშვილი
264 _aთბილისი :
_bცოდნა,
_c 1960.
300 _a232 გვ. :
_bილ.,
_c24 სმ.
653 _aადამიანის ნორმალური ანატომია
653 _aმედიცინა
700 _aტატიშვილი, მ
_eრედაქტორი
_923489
942 _2udc
_cBK